Szczegóły MARC21

Miłuj bliźniego, bliźniemu służ : pionierskie czasy służby zdrowia na Pomorzu Zachodnim w pamiętnikach /

003 -Nazwa inst., której nr kontr. jest w polu 001 [,]
    • @
    • Nazwa instytucji, której n kontrolny jest w polu 001
    • NUKAT
005 -DATA I CZAS OSTATNIEJ MODYFIKACJI [,]
    • @
    • pole kontrolne
    • 20241231105455.0
020 -Międzynarod. znormalizowany nr książki - ISBN [ , ]
    • a
    • Numer ISBN
    • 9788389341921 Find
040 -Instytucja sporządzająca opis [ , ]
    • a
    • Instytucja, która sporządziła opis (NP)
    • SZCZ 010/JT
    • c
    • Instytucja, która sporządziła rekord (NP)
    • SZCZ 010/JT
    • d
    • Instytucja, która zmodyfikowała rekord (P)
    • SZCZ 010/KW
942 -Rodzaj dokumentu [ , ]
    • c
    • Rodzaj dokumentu
    • Książka
245 -Strefa tytułu i oznaczenia odpowiedzialności [0,0]
    • a
    • Tytuł
    • Miłuj bliźniego, bliźniemu służ : Find
    • b
    • Ciąg dalszy tytułu (NP)
    • pionierskie czasy służby zdrowia na Pomorzu Zachodnim w pamiętnikach / Find
    • c
    • Pozostałe elementy strefy tytułu i oznaczenia odpowiedzialności (NP)
    • wybór, wstęp i opracowanie Urszula Kozłowska.
260 -Strefa adresu wydawniczego [ , ]
    • a
    • Miejsce wydania (P)
    • Szczecin :
    • b
    • Nazwa wydawcy (P)
    • Wydawnictwo Dokument Oficyna Wydawnicza Archiwum Państwowego w Szczecinie :
    • b
    • Nazwa wydawcy (P)
    • Instytut Socjologii Uniwersytetu Szczecińskiego,
    • c
    • Data wydania (P)
    • 2012.
300 -Strefa opisu fizycznego [ , ]
    • a
    • Określenie formy książki i/lub objętość (NP)
    • 185 s. :
    • b
    • Oznaczenie ilustracji (NP)
    • il. ;
    • c
    • Format (NP)
    • 24 cm.
336 -Typ zawartości [ , ]
    • a
    • Termin opisujący typ zawartości
    • Tekst
    • b
    • Kod określający zawartość
    • txt
    • 2
    • Źródło (terminu i kodu)
    • rdacontent
337 -Typ mediów [ , ]
    • a
    • Tryb odtwarzania
    • Bez urządzenia pośredniczącego
    • b
    • Kod typu mediów
    • n
    • 2
    • Źródło (terminu i kodu)
    • rdamedia
338 -Typ/rodzaj nośnika [ , ]
    • a
    • Hasło opisujące typ nośnika
    • Wolumin
    • b
    • Kod typu nośnika
    • nc
    • 2
    • Źródło (terminu i kodu)
    • rdacarrier
504 -Uwaga dot. bibliogr. załącznikowej [ , ]
    • a
    • Uwaga dot. bibliografii załącznikowej
    • Bibliogr. s. 179-185.
080 -Uniwersalna Klasyfikacja Dziesiętna [ , ]
    • 2
    • Identyfikator wydania tablic
    • UDC-P058
    • 9
    • UKD
    • 4601
    • a
    • Symbol klasyfikacji
    • 614.2
    • b
    • Dopowiedzenie
    • Urzędowa i zawodowa organizacja służby zdrowia. Szpitale. Sanatoria. Ośrodki zdrowia. Przychodnie lekarskie.
    • 4
    • UKD2
    • 7642
    • x
    • Poddział wspólny
    • (438)
    • c
    • Dopowiedzenie poddz. wspólnego
    • (Polska).
    • 4
    • UKD2
    • 10938
    • x
    • Poddział wspólny
    • "1956/1989"
    • c
    • Dopowiedzenie poddz. wspólnego
    • Lata 1956/1989.
080 -Uniwersalna Klasyfikacja Dziesiętna [ , ]
    • 2
    • Identyfikator wydania tablic
    • UDC-P058
    • 9
    • UKD
    • 6950
    • a
    • Symbol klasyfikacji
    • 929-051
    • b
    • Dopowiedzenie
    • Pamiętniki, autobiografie zbiorowe.
    • 4
    • UKD2
    • 7642
    • x
    • Poddział wspólny
    • (438)
    • c
    • Dopowiedzenie poddz. wspólnego
    • (Polska).
    • 4
    • UKD2
    • 10938
    • x
    • Poddział wspólny
    • "1956/1989"
    • c
    • Dopowiedzenie poddz. wspólnego
    • Lata 1956/1989.
980 -Symbol UKD [ , ]
    • a
    • UKD
    • 614.2:929-051](438)"1956/1989" Pomorze Zachodnie
700 -Hasło dodatkowe - nazwa osobowa [1, ]
    • a
    • Nazwa osobowa (NP)
    • Kozłowska, Urszula Find
    • c
    • Dopowiedzenie inne niż daty biograficzne (NP)
    • (socjologia).
    • e
    • Określenie rodzaju współpracy
    • Oprac.
    • 9
    • KHW
    • 23114
710 -Hasło dodatkowe - nazwa ciała zbiorowego [2, ]
    • a
    • Nazwa ciała zbiorowego lub nazwa geograficzna jako pierwszy element (NP)
    • Archiwum Państwowe (Szczecin).
    • b
    • Nazwa jednostki podrzędnej (P)
    • Wydawnictwo "Dokument".
    • 4
    • Kod relacji
    • pbl
    • 9
    • KHW
    • 82525
710 -Hasło dodatkowe - nazwa ciała zbiorowego [2, ]
    • a
    • Nazwa ciała zbiorowego lub nazwa geograficzna jako pierwszy element (NP)
    • Uniwersytet Szczeciński.
    • b
    • Nazwa jednostki podrzędnej (P)
    • Instytut Socjologii.
    • 4
    • Kod relacji
    • pbl
    • 9
    • KHW
    • 56933
920 -ISBN [ , ]
    • a
    • ISBN
    • 978-83-89341-92-1 Find
Numer inwentarzowy Status udost. Lokalizacja Data inwentaryzacji
Z.1179201BG2014-01-16
H.246691BNS2013-04-13
H.24670-3BNS2013-04-13